MARC

LEADER 00000nam0a2200000 4500
001 365374
005 20231102011759.0
035 |a (RuTPU)RU\TPU\retro\22737 
090 |a 365374 
100 |a 20211227d1981 km y0rusy50 ca 
101 0 |a rus 
102 |a RU 
105 |a a z 001zy 
200 1 |a Изотопы гелия в прнироде  |f Б. А. Мамырин, И. Н. Толстихин 
210 |a Москва  |c Энергоиздат  |d 198 
215 |a 223 с.  |c ил. 
320 |a Библиогр.: с. 201-219 
606 1 |a Гелий  |x Геохимия  |2 stltpush  |3 (RuTPU)RU\TPU\subj\5627  |9 33654 
610 1 |a изотопы 
610 1 |a природа 
610 1 |a отбор 
610 1 |a приготовление 
610 1 |a изотопный анализ 
610 1 |a природный гелий 
610 1 |a пробы 
610 1 |a масс-спектрография 
610 1 |a масс-спектрографы 
610 1 |a магнитный резонанс 
610 1 |a метеориты 
610 1 |a атмосфера 
610 1 |a мантия Земли 
610 1 |a изотопный состав 
610 1 |a инертные газы 
675 |a 550.42546.2  |v 4 
700 1 |a Мамырин  |b Б. А.  |g Борис Александрович 
701 1 |a Толстихин  |b И. Н.  |g Игорь Нестерович 
801 1 |a RU  |b 63413507  |c 20211227 
942 |c BK